LEADER 00822nam a2200217 i 4500 001 000000140843 003 CaOOAMICUS 005 20050628000000.0 008 050628s1971 it u000 u fre u 013 $a115044 040 $aSeMil$bita 100 1 $aLefebvre, Henri.$0(OLS)http://semarc/name/34887 245 10$aAu-delà du structuralisme /$cHenri Lefebvre. 260 $aParis :$bÉditions anthropos,$ccopyr. 1971. 300 $a417 p. ;$c22 cm. 650 4$aStrutturalismo.$0(OLS)http://semarc/subject/1943 850 $aSeMil 852 $aSeMil$W1$xVenegono$y1$m660 255 *$j94131$B94131$CSeMilBibl$Z2$F99558 $81 961 $aLascito: Corradi mons. Enrico 996 $6245$aAu-delà du structuralisme$9(OLS)http://semarc/title/205794 996 $6260$aParis :$bÉditions anthropos$9(OLS)http://semarc/publisher/34742 LEADER 01218nam a2200241 i 4500 001 000000054077 003 CaOOAMICUS 005 20100914000000.0 008 100914s1945 xx u000 u lat u 013 $a25249 040 $aSeMil$bita 100 1 $aPreseren, Josephus.$0(OLS)http://semarc/name/26844 245 13$aDe administratoribus laicis (vitricis, syndicis) bonorum ecclesiasticorum in terris Slovenorum /$cPontificia Universitas Gregoriana ; Auctore Dr. Josepho Preseren. 260 $aTergesti :$b[s.n.],$c1945. 300 $a54 p. ;$c25 cm. 500 $aIn mezzo al front : Excerpta ex dissertatione ad lauream in Facultate Juris Cononici Pontificiae Universitatis Gregorianae. 650 4$aSlovenia.$0(OLS)http://semarc/subject/11102 650 4$aTesi di laurea.$0(OLS)http://semarc/subject/1690 710 2 $aPontificia Università Gregoriana .$0(OLS)http://semarc/name/5 850 $aSeMil 852 $aSeMil$W1$xVenegono$y1$m2I I 304$j20231$B20231$CSeMilBibl$Z2$F20233 $81 996 $6245$aDe administratoribus laicis (vitricis, syndicis) bonorum ecclesiasticorum in terris Slovenorum$9(OLS)http://semarc/title/83589 996 $6260$aTergesti :$b[s.n.]$9(OLS)http://semarc/publisher/41703